| 000 | 00657nam a2200205 a 4500 | ||
|---|---|---|---|
| 008 | |||
| 049 | _aMAIN | ||
| 090 |
_aRC154 _bWHE |
||
| 100 | 1 | _aWheate, H.W. | |
| 245 | 1 | 0 |
_aA Practical guide to the diagnosis and treatment of leprosy in the basic health unit / _cH.W. Wheate and J.M.H. Pearson. |
| 260 |
_aGermany : _bGermany Leprosy Relief Association, _c1985. |
||
| 300 | _a3rd ed. | ||
| 300 |
_a38 p. : _bill. ; _c21 cm. |
||
| 650 | 1 | _aDiagnosis and treatment of leprosy. | |
| 907 |
_a.b10327691 _b10-04-13 _c20-02-13 |
||
| 003 | |||
| 005 | 20230120204119.0 | ||
| 040 | _cNUST | ||
| 942 |
_cBOOKS _kRC154 _mWHE |
||
| 999 |
_c117360 _d117360 |
||